000 00506nam a2200181Ia 4500
005 20250508154855.0
008 008 250505s9999 xx 000 0 eng d
037 _aTextual
040 _aFEDL
_beng
_cFEDL
041 _aeng
_2eng
084 _a213, DAT
_qFEDL
100 _aDatta Bhagavad
245 0 _aStory of creation as seen by the seers
260 _aDelhi, India
_bItihas Prakashana Mandala
_c1968
300 _axviii,332p.
942 _cTEXL
_h213, DAT
999 _c1352544
_d1352544